000 00581nam a22002177a 4500
003 UA-OsUOA
001 130315
007 ta
008 20180423b un ||||| |||| 00| 0 ukr d
100 _aПартики З.
090 _a94(477)
_bП18
942 _cSA
040 _aUA-OsUOA
_bukr
_cUA-OsUOA
_dUA-OsUOA
245 _aГалицьке королівство: протекторат без короля
300 _aС.20
955 _a0
041 _aukr
080 _a94(477)
773 0 _w130314
650 7 _a9 Географія. Біографії. Історія
_2UDC
999 _c418334
_d418334